|
|
|
|
| LEADER |
00000nam a2200000 i 4500 |
| 001 |
1/96113 |
| 008 |
991213s1998 eng d |
| 020 |
|
|
|a 0782122191
|
| 035 |
|
|
|l 10055616
|
| 040 |
|
|
|a GR-MY-UA
|b gre
|e aacr
|
| 041 |
0 |
|
|a eng
|
| 082 |
0 |
|
|a 005.4469
|
| 245 |
1 |
0 |
|a Windows 98 complete /
|c [editors Douglas Robert ... [et al.].
|
| 260 |
|
|
|a San Fransisco :
|b SYBEX,
|c 1998
|
| 300 |
|
|
|a xxxv, 950 p.;
|b ill.;
|c 21 cm.
|
| 504 |
|
|
|a Includes index
|
| 630 |
0 |
0 |
|a Microsoft Windows (Computer file)
|
| 700 |
1 |
|
|a Robert, Douglas.
|4 edt
|
| 852 |
|
|
|a INST
|b SAMOS
|e 19991213
|h 005.4469 WIN
|p 005300016407
|q 005300016407
|t BK
|y 0
|
| 901 |
|
|
|a BIBL3-1999-3
|
| 909 |
|
|
|a Σ
|b 070557
|
| 922 |
|
|
|a 3ΕΛΗ
|b 199911
|c ΤΠΕΣ
|d ΠΑΠΑΣΩΤΗΡΙΟΥ
|
| 970 |
|
|
|a ΓΕΝΟΥΖΟΥ
|b ΧΡΥΣΑΝΘΗ
|z 1999/12/13
|